| 000 | 00569nam a2200169Ia 4500 | ||
|---|---|---|---|
| 008 | 230714s9999 xx 000 0 und d | ||
| 020 | _a9780000000000 | ||
| 041 | _aeng | ||
| 082 |
_a005.678 _bWAH |
||
| 100 |
_aWaher P. _9201102 |
||
| 245 |
_aLearning Internet Of Things _bExplore And Learn About Internet Of Things With The Help Of Engaging And Enlightening Tutorials Designed For Raspberry Pi |
||
| 260 |
_c2015 _bPackt |
||
| 300 | _a221 | ||
| 365 |
_cRs. _b799.00 |
||
| 700 |
_aWaher P. _9201102 |
||
| 906 |
_dO:0611614-Sep-2018B:TI/20180026129-Aug-2018 _cTIT _b2397 |
||
| 999 |
_c224105 _d224105 |
||